04610cam a2200337Ka 4500003000600000005001700006008004100023020003500064020003200099020001800131020001500149040004600164050002400210050002400234082002000258245013600278246003800414260004100452300005000493504005000543505303700593650004603630650005503676650004303731700002303774856008303797856014403880773003404024773006304058776015104121OCoLC20180829174829.0120802s2012 au a obf 001 0 eng d a9783709103159 (electronic bk.) a3709103150 (electronic bk.) z9783709103142 z3709103142 aGW5XEcGW5XEdZMCdE7BdOSUdUtOrBLWbeng 4aRD96.4b.H36 2012eb 4aRD96.4b.H36 2012eb04a617.11223bHAB00aHandbook of burns.nVolume 2,pReconstruction and rehabilitationh[electronic resource] /cLars-Peter Kamolz ... [et al.] (editors)30aReconstruction and rehabilitation aWien ;aNew York :bSpringer,cc2012 a1 online resource (xii, 324 p.) :bcol. ill.) aIncludes bibliographical references and index00gPart 1.tBurn injuries and their psychosocial and long time consequences --tAcute stress disorder and post traumatic stress disorder in individuals suffering from burn injury /rSherri Sharp and Walter J. Meyer III --tLong term consequences of burn injuries /rShelley Wiechman --gPart 2.tBurn wound healing, documentation, scar management and rehabilitation --tSkin architecture and function /rAdelheid Elbe-B©ơrger --tBurn wound healing: Pathophysiology /rLuc Teot, Sami Otman, Antonio Brancati and Rainer Mittermayr --tBurn scar treatment /rLuc Teot, Sami Otman, Antonio Brancati and Rainer Mittermayr --tScar assessment /rPauline D. H. M. Verhaegen, Martijn B. A. van der Wal, Esther Middelkoop and Paul P. M. van Zuijlen --tThe future of wound documentation: Three-dimensional, evidence-based, intuitive and thorough /rMichael Giretzlehner, Lars-Peter Kamolz, Johannes Dirnberger and Robert Owen --tEvaluation of mimic function in patients with facial burns by use of the three-dimensional video-analysis /rMaria Michaelidou and Manfred Frey --tRehabilitation and scar management /rLars-Peter Kamolz and Marc G. Jeschke --tExercise /rKaren J. Kowalske, Serina J. McEntire and Oscar E. Suman --gPart 3.tBurn reconstruction (Principles and techniques) --tPrinciples of burn reconstruction /rLars-Peter Kamolz and David B. Lumenta --tTissue expanders in burn surgery /rNorbert Pallua and Erhan Demir --tBurn reconstruction: Skin substitutes and tissue engineering /rRaymund E. Horch and Volker J. Schmidt --tTwelve year follow-up: A clinical study on dermal regeneration /rMonica C. T. Bloemen, Paul P. M. van Zuijlen and Esther Middelkoop --tGeneration of adipose tissue based on tissue engineering: An overview /rMaike Keck, David B. Lumenta and Lars-Peter Kamolz --gPart 4.tBurn reconstruction (Specific regions) --tBurn reconstruction: Neck region /rNorbert Pallua and Erhan Demir --tBurn reconstruction: Eye region /rAndreas Heckmann and Peter M. Vogt --tReconstruction of the post burn ear /rAndrew Burd --tReconstruction of the perioral region after facial burns /rTimo Alexander Spanholtz and Riccardo E. Giunta --tNasal reconstruction /rLars-Peter Kamolz, Maike Keck, Harald Selig and David B. Lumenta --tReconstruction/Correction of burn alopecia /rLars-Peter Kamolz, Maike Keck, Harald Selig and David B. Lumenta --tBurn reconstruction: Breast /rEva Koellensperger and Guenter Germann --tReconstruction of burn deformities of the lower extremity /rChristian Ottomann and Bernd Hartmann --tThermal injuries to the foot /rThilo Schenck and Riccardo E. Giunta --tBurn reconstruction: Hand and upper extremity /rHugo Benito Kitzinger, Birgit Karle and Manfred Frey --gPart 5.tBurn reconstruction (Future perspectives) --tBurn reconstruction -- Future perspectives: Facial transplantation /rMaria Siemionow and Fatih Zor --tModern myoprostheses in electric burn injuries of the upper extremity /rOskar C. Aszmann, Hans Diet, Tatjana Paternostro and Manfred Frey 0aBurns and scaldsvHandbooks, manuals, etc 0aBurns and scaldsxSurgeryvHandbooks, manuals, etc 0aSkinxSurgeryvHandbooks, manuals, etc1 aKamolz, Lars-Peter403SpringerLinkuhttp://dx.doi.org/10.1007/978-3-7091-0315-9zConnect to resource403SpringerLinkuhttp://proxy.ohiolink.edu:9099/login?url=http://dx.doi.org/10.1007/978-3-7091-0315-9zConnect to resource (off-campus access)0 tSpringerLinkw(OCoLC)439278700 tOhioLINK electronic book center (Online)w(OCoLC)18098915008iPrint version:tHandbook of burns. Volume 2, Reconstruction and rehabilitation.dVienna ; London : Springer, 2012z9783709103142w(OCoLC)809454787